RUSSKIJE CHUDOŽESTVENNYJE PROMYSLY (II)

Bibliographic Details
Main Authors: Bujnova, Je (Author), Širokova, Je (Author)
Format: Article
Language:Russian

MARC

LEADER 00000nab a2200000ua 4500
001 vtls010859873
003 SK-MaSNL
005 20260303222226.0
008 230222s1985 xo |||||||||||||||||rus|
035 |a (urnnbn)urn:nbn:sk:snk:ar-005ng6 
035 |a urn:nbn:sk:snk-ab5i3d 
035 |a (uuid)74af2d54-6da9-401a-ac11-77a808ff9d64 
040 |a SNKBUCL  |b slo  |c SNKBUCL  |e AACR2 
041 0 |a rus 
044 |a xo  |c SK 
100 1 |a Bujnova, Je.  |4 aut  |9 1256353 
245 1 0 |a RUSSKIJE CHUDOŽESTVENNYJE PROMYSLY (II)  |c Je. Bujnova, Je. Širokova 
700 1 |a Širokova, Je.  |4 aut  |9 797356 
773 0 |t Ruštinár : časopis pre učiteľov ruského jazyka a literatúry  |g Roč. 20, č. 8 (1985), s. 113-122 
958 |a OND 
958 |a EUIPO 
958 |a article5 
999 |c 2238936  |d 2240866